000 00569nam a22001457a 4500
020 _a81-7649-8232-7
082 _aCOI
_bCLA
100 _aCLAWSON
245 _aTHE MATHEMATICAL TRVELLER
260 _aNEW DELHI
_bVIVA BOOKS PRIVATE LIMITED
_c2004
300 _a307
520 _aMore than just an overview of the history of numbers, The Mathematical Traveler explores how the understanding of mathematics helped humanity to create the underpinnings of art, technology, economics, and science that shaped the world we live in today.
650 _aREFERENCE
942 _cBK
999 _c6702
_d6702